000 01077nam0a22002771 4500
001 rc\4308436
005 20260406235013.0
021 _aRU
_b68-46980
021 _aRU
_bРг5144-68
035 _a(NLR Aleph) 008259431
090 _a8387314
_c8387314
100 _a20130416d1968 |||y0rusy50 ca
101 0 _arus
102 _aRU
105 _ay z |||||
200 1 _aОсновные направления в создании машин и оборудования для уборки общественных помещений
_e[Доклад, прочит. на выставке "Интербытмаш"]
210 _aМосква
_cБ. и.
_d1968
215 _a18 с.
_d21
300 _aОтпеч. множит. аппаратом
700 1 _aВилльямс
_bА.Ф.
712 1 2 _a"Интербытмаш-68", международная специализированная выставка
_f1968
_eМосква
_3RU\NLR\AUTH\889988734
_9473015
801 0 _aRU
_bNLR
_gpsbo
801 1 _aRU
_bELAR
_2rusmarc
852 _aNLR
_j68-6/7010
942 _cBOOK
980 _aNB